Transparency in professional fees (Record no. 110470)

MARC details
000 -LEADER
fixed length control field 01248cad a22002175a 4500
001 - CONTROL NUMBER
control field L149355
008 - FIXED-LENGTH DATA ELEMENTS--GENERAL INFORMATION
fixed length control field 090417s2009 xxk f 000 0 eng d
035 ## - SYSTEM CONTROL NUMBER
System control number (Sirsi) u149355
041 0# - LANGUAGE CODE
Language code of text/sound track or separate title eng
050 04 - LIBRARY OF CONGRESS CALL NUMBER
Classification number 331.2166 $2 18
245 00 - TITLE STATEMENT
Title Transparency in professional fees
Remainder of title Responses
Medium [electronic resource]
260 ## - PUBLICATION, DISTRIBUTION, ETC.
Place of publication, distribution, etc. [London]
Name of publisher, distributor, etc. RICS
Date of publication, distribution, etc. [2009]
505 2# - FORMATTED CONTENTS NOTE
Formatted contents note A. Declaration of insurance remuneration and commissions -- B. Service charges in leasehold property -- C. Commission on letting renewals -- D. Commission on Home Information Packs (HIPs) and Energy Performance Certificates (EPCs) -- E. Valuation fees -- F. Arrangement of fees for security loan valuations
520 ## - SUMMARY, ETC.
Summary, etc. Summary report on the responses to the RICS Consultation Document. Transparency Working Group (TWG) was set up in April 2009 to look at the subject of transparency of professional fees in property transactions and services. The final report is published separately [see L149356].
521 ## - TARGET AUDIENCE NOTE
Target audience note Advanced
590 ## - LOCAL NOTE (RLIN)
Local note KA
651 #4 - SUBJECT ADDED ENTRY--GEOGRAPHIC NAME
Geographic name United Kingdom
Chronological subdivision
690 ## - LOCAL SUBJECT ADDED ENTRY--TOPICAL TERM (OCLC, RLIN)
Topical term or geographic name as entry element MANAGEMENT-BUSINESS MANAGEMENT-FEES
856 40 - ELECTRONIC LOCATION AND ACCESS
Uniform Resource Identifier <a href="https://www.rics.org/Global/Downloads/transparency-project-responses.pdf">https://www.rics.org/Global/Downloads/transparency-project-responses.pdf</a>
Public note View the consultation free of charge at www.rics.org...
942 ## - ADDED ENTRY ELEMENTS (KOHA)
Suppress in OPAC 0
Holdings
Withdrawn status Lost status Source of classification or shelving scheme Damaged status Not for loan Home library Current library Shelving location Date acquired Total Checkouts Full call number Barcode Date last seen Copy number Price effective from Koha item type
    Dewey Decimal Classification     Virtual Virtual Online 24/02/2010   ONLINE PUBLICATION 149355-2001 06/08/2019 1 06/08/2019 Book